[Event "ThanksGibbons D"]
[Site "Winnipeg CAN"]
[Date "2006.10.21"]
[Round "3"]
[White "Gannon, Keith"]
[Black "Wasserman, Leor"]
[Result "1-0"]
[WhiteElo "1534"]
[BlackElo "1388"]
[PlyCount "103"]
[EventDate "2006.10.20"]
[EventType "swiss"]
[EventRounds "5"]
[EventCountry "CAN"]

1. e4 e5 2. Nf3 Nc6 3. Bc4 Be7 4. O-O Nf6 5. Re1 O-O 6. c3 d6 7. d4 exd4 8.
cxd4 Bg4 9. d5 Ne5 10. Be2 Bxf3 11. Bxf3 Nxf3+ 12. Qxf3 c6 13. dxc6 bxc6 14.
Nc3 Qb6 15. e5 dxe5 16. Rxe5 Bc5 17. Na4 Bxf2+ 18. Kf1 Qa6+ 19. Kxf2 Qxa4 20.
h3 Qd4+ 21. Qe3 Qc4 22. Bd2 Rfe8 23. Re1 Rxe5 24. Qxe5 Qxa2 25. Bg5 Nd7 26. Qc3
Rb8 27. Re2 Qd5 28. Be3 Nf6 29. Kg1 Ne4 30. Qc1 a6 31. Rc2 Ng3 32. Bf4 Nf5 33.
Bxb8 Qd4+ 34. Rf2 Ne3 35. Rd2 Qb6 36. Kh1 Qxb8 37. Qxc6 Nf1 38. Qd6 Qxd6 39.
Rxd6 f6 40. Rxa6 Ng3+ 41. Kg1 Kf7 42. b4 Ke8 43. b5 Kd8 44. Ra7 Kc8 45. b6 Ne2+
46. Kf2 Nd4 47. Rxg7 h5 48. Rh7 f5 49. Rxh5 Kb7 50. Rh6 f4 51. Rf6 Ne2 52. h4
1-0

[Event "ThanksGibbons D"]
[Site "Winnipeg CAN"]
[Date "2006.10.21"]
[Round "3"]
[White "Poustie, Harold"]
[Black "Reimer, Bruce"]
[Result "0-1"]
[WhiteElo "1429"]
[BlackElo "1496"]
[PlyCount "90"]
[EventDate "2006.10.20"]
[EventType "swiss"]
[EventRounds "5"]
[EventCountry "CAN"]

1. e4 Nf6 2. Nc3 d5 3. d4 Nxe4 4. Nxe4 dxe4 5. Bc4 Nc6 6. Be3 Bf5 7. a3 e6 8.
h3 Qf6 9. Ne2 O-O-O 10. d5 exd5 11. Bxd5 Ne7 12. Nc3 c6 13. Nb5 Rxd5 14. Nxa7+
Kb8 15. Qe2 Nc8 16. c4 Ra5 17. Nxc8 Kxc8 18. O-O Qg6 19. g4 h5 20. Qd2 hxg4 21.
Bf4 gxh3+ 22. Bg3 Rc5 23. Qf4 Bd6 24. Qxd6 Qxd6 25. Bxd6 Rxc4 26. Rfe1 Rd8 27.
Bf4 f6 28. Kh2 g5 29. Be3 g4 30. Bf4 Rc2 31. Be3 Rg8 32. Rg1 Be6 33. b4 f5 34.
b5 f4 35. Bxf4 Rxf2+ 36. Kg3 Rf3+ 37. Kh2 Rxf4 38. Raf1 Rxf1 39. Rxf1 g3+ 40.
Kg1 e3 41. Re1 h2+ 42. Kg2 Bd5+ 43. Kh3 h1=Q+ 44. Rxh1 Bxh1 45. bxc6 bxc6 0-1

[Event "ThanksGibbons D"]
[Site "Winnipeg CAN"]
[Date "2006.10.22"]
[Round "4"]
[White "De Groot, Steven"]
[Black "Anderson, George"]
[Result "1-0"]
[WhiteElo "1575"]
[BlackElo "1444"]
[PlyCount "81"]
[EventDate "2006.10.20"]
[EventType "swiss"]
[EventRounds "5"]
[EventCountry "CAN"]

1. e4 e5 2. Nf3 Nc6 3. Bb5 Qf6 4. d3 Bc5 5. O-O Nge7 6. Be3 d6 7. c3 Qg6 8. Kh1
f5 9. Nh4 Qf6 10. Nxf5 Nxf5 11. Bxc6+ bxc6 12. Bxc5 Nh4 13. Be3 O-O 14. Nd2 Ng6
15. d4 Ba6 16. dxe5 Nxe5 17. Qb3+ Kh8 18. c4 Bc8 19. Bd4 c5 20. f4 Qh6 21. fxe5
Rxf1+ 22. Rxf1 Be6 23. Be3 Qh5 24. Qb7 Rg8 25. Nf3 Bxc4 26. Re1 Bd3 27. Qd5 Ba6
28. Ng5 Rf8 29. exd6 h6 30. d7 hxg5 31. d8=Q Rxd8 32. Qxd8+ Kh7 33. Qxg5 Qxg5
34. Bxg5 Bc4 35. b3 Be6 36. Rc1 c4 37. bxc4 Kg6 38. h4 Kf7 39. c5 Bxa2 40. Ra1
Bc4 41. Rxa7 1-0

[Event "ThanksGibbons D"]
[Site "Winnipeg CAN"]
[Date "2006.10.22"]
[Round "4"]
[White "Gannon, Keith"]
[Black "Crawford, Gary"]
[Result "1-0"]
[WhiteElo "1534"]
[BlackElo "1290"]
[PlyCount "99"]
[EventDate "2006.10.20"]
[EventType "swiss"]
[EventRounds "5"]
[EventCountry "CAN"]

1. e4 c6 2. d4 d5 3. exd5 cxd5 4. Nf3 Nf6 5. Be2 Nc6 6. O-O g6 7. Re1 Bg7 8.
Nc3 O-O 9. Ne5 Ne4 10. Nxc6 bxc6 11. Nxe4 dxe4 12. c3 Qb6 13. Bc4 Be6 14. Bxe6
fxe6 15. Qb3 c5 16. Qxb6 axb6 17. dxc5 bxc5 18. Rxe4 e5 19. Be3 Rfc8 20. a3 c4
21. Rd1 Rab8 22. Bc1 Rd8 23. Rde1 Rbc8 24. Kf1 e6 25. Ke2 Rd5 26. f4 Rcc5 27.
fxe5 Bxe5 28. g3 Kf7 29. Rf1+ Bf6 30. Be3 Re5 31. Rxe5 Rxe5 32. Rf4 Ke7 33. Rf3
Rb5 34. Bc1 Re5+ 35. Kd1 Rd5+ 36. Kc2 Re5 37. Rf2 Rf5 38. Re2 Rf1 39. Be3 Rf5
40. Bd4 e5 41. Bc5+ Ke6 42. b4 cxb3+ 43. Kxb3 Kd5 44. Ba7 Rf3 45. a4 e4 46. Be3
Be7 47. a5 Kc6 48. Kc4 Rf5 49. a6 Bc5 50. a7 1-0

[Event "ThanksGibbons D"]
[Site "Winnipeg CAN"]
[Date "2006.10.22"]
[Round "4"]
[White "Reimer, Bruce"]
[Black "Green, Aaron"]
[Result "1-0"]
[WhiteElo "1496"]
[BlackElo "1359"]
[PlyCount "73"]
[EventDate "2006.10.20"]
[EventType "swiss"]
[EventRounds "5"]
[EventCountry "CAN"]

1. e4 c5 2. f4 d6 3. Bb5+ Bd7 4. Bxd7+ Nxd7 5. Nf3 g6 6. Nc3 Bg7 7. O-O Ngf6 8.
Qe1 O-O 9. e5 Ne8 10. e6 Nb6 11. exf7+ Rxf7 12. Ng5 Rf6 13. f5 Nc7 14. fxg6
Rxg6 15. Qh4 h6 16. Nf7 Qd7 17. d3 Kh7 18. Nxh6 Bf6 19. Rxf6 exf6 20. Ng4+ Kg7
21. Bh6+ Kf7 22. Nxf6 Rxf6 23. Qh5+ Ke7 24. Bg5 Raf8 25. Rf1 R8f7 26. Ne4 Ne8
27. Nxf6 Nxf6 28. Re1+ Kd8 29. Qh8+ Kc7 30. Bxf6 Nd5 31. Rf1 Qe6 32. Bd8+ Kc6
33. Rxf7 Qxf7 34. Qh3 a6 35. Qc8+ Kb5 36. c4+ Kb4 37. cxd5 1-0

[Event "ThanksGibbons D"]
[Site "Winnipeg CAN"]
[Date "2006.10.22"]
[Round "4"]
[White "Wasserman, Leor"]
[Black "Poustie, Harold"]
[Result "1-0"]
[WhiteElo "1388"]
[BlackElo "1429"]
[PlyCount "103"]
[EventDate "2006.10.20"]
[EventType "swiss"]
[EventRounds "5"]
[EventCountry "CAN"]

1. e4 e5 2. Nf3 Nc6 3. Bc4 Nf6 4. Ng5 d5 5. exd5 Nxd5 6. Qf3 Qxg5 7. Bxd5 Qf5
8. Bxc6+ Kd8 9. Bxb7 Qxf3 10. Bxf3 Rb8 11. O-O Bb7 12. Bxb7 Rxb7 13. Nc3 c6 14.
d3 Be7 15. b3 Rb4 16. Ba3 Rg4 17. Bxe7+ Kxe7 18. Rfe1 f6 19. h3 Rh4 20. Rad1
Rh5 21. d4 Rd8 22. f4 Kf7 23. fxe5 fxe5 24. dxe5 Rxd1 25. Nxd1 Ke6 26. Kf2 Rxe5
27. Rxe5+ Kxe5 28. Ke3 g6 29. Nf2 h5 30. g4 Kf6 31. Kf4 g5+ 32. Ke4 h4 33. Nd3
Kg6 34. Nb4 c5 35. Na6 Kf6 36. Nxc5 a5 37. Nd3 Ke6 38. c4 Kd6 39. Ne5 Kc5 40.
Nf7 Kb4 41. Kd5 a4 42. bxa4 Kxa4 43. c5 Ka5 44. Kd6 Ka6 45. Kd7 Ka7 46. c6 Kb8
47. c7+ Ka7 48. c8=Q Kb6 49. Qc6+ Ka5 50. Qb7 Ka4 51. Kc6 Ka3 52. Qb3# 1-0

[Event "ThanksGibbons D"]
[Site "Winnipeg CAN"]
[Date "2006.10.22"]
[Round "5"]
[White "Anderson, George"]
[Black "Gannon, Keith"]
[Result "0-1"]
[WhiteElo "1444"]
[BlackElo "1534"]
[PlyCount "90"]
[EventDate "2006.10.20"]
[EventType "swiss"]
[EventRounds "5"]
[EventCountry "CAN"]

1. e4 c5 2. Bc4 e6 3. Qf3 Nc6 4. Ne2 Ne5 5. Qc3 Nxc4 6. Qxc4 Nf6 7. e5 Nd5 8.
Nbc3 Nxc3 9. Nxc3 Qg5 10. Qe4 a6 11. d4 Qd8 12. d5 exd5 13. Nxd5 Be7 14. Qg4 g6
15. O-O d6 16. Qg3 Bh4 17. Nf6+ Bxf6 18. exf6 Qxf6 19. Bg5 Qf5 20. Rfe1+ Be6
21. Bh6 O-O-O 22. Bf4 Qg4 23. Bxd6 Qxg3 24. Bxg3 Rd2 25. a3 Rxc2 26. Rec1 Rxc1+
27. Rxc1 c4 28. b3 b5 29. a4 Rd8 30. axb5 axb5 31. bxc4 Bxc4 32. f3 h5 33. Bh4
Rd3 34. Kf2 Kd7 35. Bf6 Ke6 36. Bd8 Rxd8 37. Re1+ Kf6 38. g4 hxg4 39. fxg4 Rd2+
40. Kg3 Kg7 41. h4 b4 42. Re4 Rc2 43. Re8 b3 44. Rb8 b2 45. Kf3 Ba2 0-1

[Event "ThanksGibbons D"]
[Site "Winnipeg CAN"]
[Date "2006.10.22"]
[Round "5"]
[White "Green, Aaron"]
[Black "Wasserman, Leor"]
[Result "1/2-1/2"]
[WhiteElo "1359"]
[BlackElo "1388"]
[PlyCount "73"]
[EventDate "2006.10.20"]
[EventType "swiss"]
[EventRounds "5"]
[EventCountry "CAN"]

1. Nf3 Nc6 2. b3 e5 3. Bb2 d6 4. e3 Nf6 5. Bb5 Bd7 6. O-O Be7 7. d4 exd4 8.
exd4 a6 9. Bxc6 Bxc6 10. Nbd2 O-O 11. Re1 Re8 12. c4 b6 13. d5 Bb7 14. Qc2 h6
15. Re2 Qd7 16. Rae1 Bd8 17. Bxf6 Bxf6 18. Ne4 Be5 19. Nxe5 dxe5 20. Nd2 Qd6
21. Nf3 f6 22. Nd4 c6 23. Nf5 Qd7 24. d6 Bc8 25. Ne7+ Kh8 26. Ng6+ Kg8 27. Ne7+
Kh8 28. Qg6 Bb7 29. Rd2 Rad8 30. Red1 c5 31. f3 Bc6 32. Kf2 Qb7 33. Nxc6 Qxc6
34. Qf7 e4 35. Rd5 exf3 36. gxf3 Qd7 37. Qxd7 1/2-1/2

[Event "ThanksGibbons D"]
[Site "Winnipeg CAN"]
[Date "2006.10.22"]
[Round "5"]
[White "Reimer, Bruce"]
[Black "De Groot, Steven"]
[Result "1-0"]
[WhiteElo "1496"]
[BlackElo "1575"]
[PlyCount "33"]
[EventDate "2006.10.20"]
[EventType "swiss"]
[EventRounds "5"]
[EventCountry "CAN"]

1. e4 c5 2. f4 d5 3. exd5 Qxd5 4. Nc3 Qd8 5. Nf3 Bg4 6. h3 Bh5 7. g4 Qd6 8. d3
Nf6 9. Ne4 Nxe4 10. dxe4 Qxd1+ 11. Kxd1 f5 12. Bb5+ Nd7 13. Bxd7+ Kxd7 14. Ne5+
Kc7 15. gxh5 fxe4 16. Ke2 e6 17. Rd1 1-0

[Event "Thanksgiving op"]
[Site "Toronto CAN"]
[Date "2006.10.09"]
[Round "4"]
[White "Matiu, Virgiliu Bogdan"]
[Black "Shah, Omar"]
[Result "0-1"]
[WhiteElo "1966"]
[BlackElo "1894"]
[PlyCount "98"]
[EventDate "2006.10.07"]
[EventType "swiss"]
[EventRounds "6"]
[EventCountry "CAN"]

1. e4 c5 2. f4 e6 3. Nf3 Nc6 4. Nc3 g6 5. Bc4 Bg7 6. O-O Nge7 7. a3 d5 8. exd5
exd5 9. Ba2 O-O 10. Ne2 Bg4 11. c3 d4 12. cxd4 Nxd4 13. Nexd4 Bxd4+ 14. Kh1 Bg7
15. Bc4 Qc7 16. d3 Nf5 17. Qd2 Bxf3 18. Rxf3 Nd4 19. Rf2 Rfe8 20. f5 Qe7 21.
Rf1 Nxf5 22. Rb1 Qh4 23. Qf4 Re1 24. Bd2 Rxb1 25. Rxb1 Qe7 26. b4 Be5 27. Qf2
Bd4 28. Qf3 Nd6 29. Bd5 Rb8 30. Bf4 Rd8 31. Bg3 Nf5 32. bxc5 Nxg3+ 33. hxg3 Qf8
34. Qxf7+ Qxf7 35. Bxf7+ Kxf7 36. Rxb7+ Kf6 37. Rxa7 Bxc5 38. Rxh7 Kg5 39. a4
Kg4 40. Rh4+ Kxg3 41. Rh3+ Kg4 42. Kh2 Bf2 43. Rh6 Bg3+ 44. Kg1 g5 45. a5 Rxd3
46. Rf6 Bf4 47. Rh6 Re3 48. Kf2 Re5 49. a6 Bg3+ 0-1

[Event "Thanksgiving op"]
[Site "Toronto CAN"]
[Date "2006.10.07"]
[Round "6"]
[White "Mai, Lloyd"]
[Black "Shah, Omar"]
[Result "1-0"]
[WhiteElo "2130"]
[BlackElo "1894"]
[PlyCount "63"]
[EventDate "2006.10.07"]
[EventType "swiss"]
[EventRounds "6"]
[EventCountry "CAN"]

1. e4 c5 2. Nf3 d6 3. d4 cxd4 4. Nxd4 Nf6 5. Nc3 a6 6. f4 Qc7 7. Be3 e6 8. Qf3
Nc6 9. O-O-O Be7 10. Be2 O-O 11. g4 Nd7 12. Rhg1 b5 13. Rg3 Bb7 14. Rh3 Rfc8
15. Nxc6 Qxc6 16. Bd3 b4 17. Ne2 Qa4 18. Kb1 Nc5 19. Bxc5 Rxc5 20. g5 Ra5 21.
Nc1 Rc8 22. Qh5 h6 23. b3 Qa3 24. e5 dxe5 25. Bh7+ Kf8 26. gxh6 g6 27. Rg3 exf4
28. Rxg6 Bf6 29. Rg8+ Ke7 30. Rd7+ Kxd7 31. Qxf7+ Be7 32. Rg7 1-0

[Event "Toronto-ch Reserves"]
[Site "Toronto CAN"]
[Date "2006.01.22"]
[Round "2"]
[White "Gusev, Nilita"]
[Black "Shah, Omar"]
[Result "1-0"]
[WhiteElo "1858"]
[BlackElo "1922"]
[PlyCount "43"]
[EventDate "2006.01.22"]
[EventType "tourn"]
[EventRounds "7"]
[EventCountry "CAN"]

1. e4 c5 2. Nf3 d6 3. d4 cxd4 4. Nxd4 Nf6 5. Nc3 a6 6. Bg5 e6 7. Qe2 Nc6 8.
O-O-O Be7 9. Nxc6 bxc6 10. e5 Nd5 11. Bxe7 Nxc3 12. Bxd8 Nxe2+ 13. Bxe2 Kxd8
14. Rxd6+ Kc7 15. Rhd1 Rf8 16. Bf3 Bb7 17. Rd7+ Kc8 18. Re7 Rb8 19. Rdd7 g5 20.
Rc7+ Kd8 21. Red7+ Ke8 22. Rxb7 1-0

[Event "UBC Tuesday Night"]
[Site "Vancouver CAN"]
[Date "2006.02.28"]
[Round "2"]
[White "Milner, Arie"]
[Black "North, Robert"]
[Result "1-0"]
[WhiteElo "1725"]
[BlackElo "2002"]
[PlyCount "109"]
[EventDate "2006.02.21"]
[EventType "swiss"]
[EventRounds "5"]
[EventCountry "CAN"]

1. e4 c5 2. Nf3 d6 3. d4 cxd4 4. Nxd4 Nf6 5. Nc3 a6 6. f3 e6 7. Be3 b5 8. a3
Bb7 9. Be2 Nbd7 10. Nb3 Rc8 11. Qd2 Be7 12. O-O O-O 13. Bd4 Qc7 14. Bd3 Rfd8
15. Qe2 e5 16. Bf2 d5 17. exd5 Nxd5 18. Nxd5 Bxd5 19. Nd2 Be6 20. Rfe1 Re8 21.
Ne4 f5 22. Nd2 g6 23. Kh1 Bf6 24. c3 Rb8 25. Rac1 Bf7 26. Bg3 Nc5 27. Bc2 Re7
28. b4 Nd7 29. Bd3 Bg5 30. Red1 Bxd2 31. Rxd2 Nb6 32. Rdc2 Bc4 33. Re1 Bxd3 34.
Qxd3 Rd8 35. Qe2 Rd5 36. Rd1 Rxd1+ 37. Qxd1 Nc4 38. Ra2 Rd7 39. Qe2 Rd5 40. h3
Kf7 41. Kh2 Kf6 42. a4 Qc6 43. axb5 axb5 44. Qe1 Rd7 45. Qa1 Kf7 46. Ra6 Qd5
47. Bh4 e4 48. fxe4 Qxe4 49. Bg3 Ne3 50. Qa2+ Kg7 51. Re6 Nf1+ 52. Kg1 Qd3 53.
Be5+ Kh6 54. Qf2 Qe3 55. Bf4+ 1-0